00589nam a22001937a 450000500170000001000150001702000260003202000230005803500130008103700130009408200110010710000160011824500370013426000450017127000640021630000280028049000370030850000500034520130911152721.0 aENG-108212 c250.00a9780198075417 c250.00a0198075413 aEN-91745 bDBAD/PUB a332.46 aRay, Partha aMonetary policy /cby Partha Ray aNew DelhibOxford University Pressc2013 aYMCA Library Building, 1 Jai Singh Road,bNew Delhie110001 axviii,240p. c21cm(pbk) aOxford India short introductions aIncludes bibliographical references and index